[Event "Ennis op"]
[Site "Ennis"]
[Date "2015.05.17"]
[Round "5.2"]
[White "Kalinins, Valentine"]
[Black "Daly, Colm"]
[Result "1-0"]
[WhiteElo "2236"]
[BlackElo "2337"]
[PlyCount "193"]
[EventDate "2015.05.15"]
[EventType "swiss"]
[EventRounds "6"]
[EventCountry "IRL"]
[SourceTitle "EXT 2023"]
[Source "ChessBase"]
[SourceDate "2022.10.05"]
[SourceVersion "1"]
[SourceVersionDate "2022.10.05"]
[SourceQuality "1"]

1. e4 c5 2. d4 cxd4 3. c3 d3 4. Nf3 d6 5. Bxd3 Nc6 6. 0-0 Nf6 7. Qe2 Bg4 8. h3 Bxf3 9. Qxf3 a6 10. Qe2 g6 11. Be3 Bg7 12. Nd2 0-0 13. f4 Nd7 14. Rac1 Qc7 15. a3 Rfc8 16. Qf2 b5 17. Bb1 a5 18. g4 b4 19. e5 bxa3 20. bxa3 dxe5 21. f5 Rf8 22. Ba2 gxf5 23. gxf5 Kh8 24. Ne4 Nd8 25. Kh2 Qc6 26. Ng5 Rb8 27. Rc2 Bh6 28. Rd1 Bxg5 29. Bxg5 Nf6 30. Qa7 Nb7 31. Qe3 Qc5 32. Qe1 Rg8 33. Qh4 Rxg5 34. Qxg5 Rg8 35. Qh6 Nd6 36. Rg2 Nxf5 37. Rxg8+ Nxg8 38. Qd2 e4 39. Qf4 e6 40. Rg1 Qxc3 41. Qb8 Qd2+ 42. Kh1 Ng7 43. Qe5 Qh6 44. Kh2 Nf6 45. Rg2 Nge8 46. Bb3 Qf8 47. Qxa5 Qd6+ 48. Rg3 Qd4 49. Qe1 Qb2+ 50. Kh1 Qxa3 51. Bxe6 Qe7 52. Bc4 Nd6 53. Qf1 Qe5 54. Rg1 e3 55. Qg2 Qe4 56. Bd3 Qxg2+ 57. Kxg2 Nd5 58. Kf3 h6 59. Rg4 Nf6 60. Rd4 Nde8 61. Kxe3 Kg7 62. Bb5 Nc7 63. Bc4 Ne6 64. Bxe6 fxe6 65. Kf4 Kf7 66. Ke5 Ke7 67. Rh4 Ng8 68. Rg4 Kf7 69. Rc4 h5 70. Rc7+ Kg6 71. Kxe6 Nf6 72. h4 Ng4 73. Rc8 Nh2 74. Rg8+ Kh7 75. Rg3 Kh6 76. Kf5 Ng4 77. Ra3 Nf2 78. Ra2 Ng4 79. Ra6+ Kg7 80. Kg5 Ne5 81. Kxh5 Nf7 82. Kg4 Nh6+ 83. Kf4 Nf7 84. h5 Nh6 85. Rg6+ Kh7 86. Kg5 Nf7+ 87. Kf6 Nd6 88. h6 Ne4+ 89. Kf5 Nc5 90. Rc6 Nd3 91. Rc3 Nb4 92. Kg5 Nd5 93. Ra3 Kh8 94. Ra8+ Kh7 95. Ra7+ Kh8 96. Rf7 Kg8 97. Kg6 1-0

[Event "Ennis op"]
[Site "Ennis"]
[Date "2015.05.16"]
[Round "4.1"]
[White "Parligras, Mircea Emilian"]
[Black "Kalinins, Valentine"]
[Result "1/2-1/2"]
[WhiteElo "2581"]
[BlackElo "2236"]
[PlyCount "31"]
[EventDate "2015.05.15"]
[EventType "swiss"]
[EventRounds "6"]
[EventCountry "IRL"]
[SourceTitle "EXT 2023"]
[Source "ChessBase"]
[SourceDate "2022.10.05"]
[SourceVersion "1"]
[SourceVersionDate "2022.10.05"]
[SourceQuality "1"]

1. d4 Nf6 2. c4 e5 3. dxe5 Ng4 4. Nf3 Bc5 5. e3 Nc6 6. Nc3 0-0 7. Be2 Ngxe5 8. Nxe5 Nxe5 9. 0-0 d6 10. f4 Nd7 11. Bd3 Re8 12. Qf3 Nf6 13. Kh1 c6 14. Na4 a6 15. Bd2 b5 16. b4 1/2-1/2

[Event "Ennis op"]
[Site "Ennis"]
[Date "2014.05.25"]
[Round "5.1"]
[White "Fitzsimons, David"]
[Black "Kalinins, Valentine"]
[Result "1/2-1/2"]
[WhiteElo "2342"]
[BlackElo "2220"]
[PlyCount "39"]
[EventDate "2014.05.23"]
[EventType "swiss"]
[EventRounds "6"]
[EventCountry "IRL"]
[SourceTitle "EXT 2023"]
[Source "ChessBase"]
[SourceDate "2022.10.05"]
[SourceVersion "1"]
[SourceVersionDate "2022.10.05"]
[SourceQuality "1"]

1. e4 Nc6 2. Nf3 f5 3. exf5 d5 4. Bb5 Bxf5 5. Ne5 Qd6 6. d4 Nf6 7. 0-0 Nd7 8. Bxc6 bxc6 9. Bf4 Nxe5 10. Bxe5 Qg6 11. Nc3 Rb8 12. b3 e6 13. Qd2 Bd6 14. Qf4 Bh3 15. Qg3 Qxg3 16. Bxg3 Bf5 17. Na4 Kd7 18. Rfe1 Rb5 19. Re2 g5 20. Rd1 1/2-1/2

[Event "Cork op"]
[Site "Cork"]
[Date "2014.03.29"]
[Round "4"]
[White "Kalinins, Valentine"]
[Black "Nelson, Jonathan"]
[Result "1/2-1/2"]
[WhiteElo "2204"]
[BlackElo "2228"]
[PlyCount "151"]
[EventDate "2014.03.28"]
[EventType "swiss"]
[EventRounds "6"]
[EventCountry "IRL"]
[SourceTitle "CBM 159 Extra"]
[Source "ChessBase"]
[SourceDate "2014.04.24"]
[SourceVersion "1"]
[SourceVersionDate "2014.04.24"]
[SourceQuality "1"]

1. e4 d6 2. d4 Nf6 3. Nc3 g6 4. f4 Bg7 5. Nf3 c5 6. Bb5+ Bd7 7. e5 Ng4 8. Bxd7+ Qxd7 9. h3 cxd4 10. Qxd4 Nc6 11. Qe4 Nh6 12. g4 0-0 13. Bd2 f5 14. exf6 exf6 15. 0-0-0 Rfe8 16. Qd5+ Qe6 17. Rhe1 Qxd5 18. Nxd5 f5 19. g5 Nf7 20. c3 Re4 21. Rxe4 fxe4 22. Nh2 h5 23. Re1 Re8 24. Nf1 h4 25. Nfe3 Ne7 26. Nxe7+ Rxe7 27. Ng2 d5 28. Nxh4 Re6 29. Be3 Nd6 30. Bxa7 Nc4 31. Bf2 e3 32. Bg1 d4 33. Kc2 dxc3 34. bxc3 b5 35. f5 gxf5 36. Nxf5 Ra6 37. Bxe3 Rxa2+ 38. Kd3 Nb2+ 39. Ke4 Bxc3 40. Bd4 Bxd4 41. Nxd4 Nc4 42. Kd5 Rg2 43. h4 Na3 44. Re8+ Kf7 45. Rb8 Rd2 46. Kc5 Rh2 47. Rb7+ Kg8 48. Nf5 Rg2 49. Kb4 Nc2+ 50. Kxb5 Ne1 51. Nh6+ Kf8 52. Rf7+ Ke8 53. Rf4 Nd3 54. Rg4 Rb2+ 55. Ka4 Nc5+ 56. Ka3 Rb3+ 57. Ka2 Rb7 58. Nf5 Kf8 59. g6 Ne6 60. Ra4 Rb8 61. Ra7 Kg8 62. Nh6+ Kf8 63. h5 Rb5 64. Rf7+ Ke8 65. Rf5 Rb7 66. Re5 Kd7 67. Nf5 Ra7+ 68. Kb1 Ra8 69. h6 Rh8 70. g7 Rb8+ 71. Kc1 Ng5 72. Ne7 Nf7 73. Re2 Nxh6 74. Rh2 Kxe7 75. Rxh6 Rg8 76. Kd1 1/2-1/2

[Event "Bunratty Masters op 21st"]
[Site "Bunratty"]
[Date "2014.02.08"]
[Round "4"]
[White "Kalinins, Valentine"]
[Black "Baburin, Alexander"]
[Result "1/2-1/2"]
[WhiteElo "2204"]
[BlackElo "2503"]
[PlyCount "91"]
[EventDate "2014.02.07"]
[EventType "swiss"]
[EventRounds "6"]
[EventCountry "IRL"]
[SourceTitle "CBM 158 Extra"]
[Source "ChessBase"]
[SourceDate "2014.02.28"]
[SourceVersion "1"]
[SourceVersionDate "2014.02.28"]
[SourceQuality "1"]

1. e4 Nf6 2. e5 Nd5 3. c4 Nb6 4. d4 d6 5. f4 Bf5 6. Nf3 e6 7. Nc3 Na6 8. a3 c5 9. Be3 Be7 10. Nb5 d5 11. dxc5 Nxc5 12. Bxc5 Bxc5 13. b4 Be7 14. c5 Nd7 15. Nfd4 Be4 16. Bd3 Bh4+ 17. Kf1 Bxd3+ 18. Qxd3 0-0 19. g3 Be7 20. Kg2 a6 21. Nd6 Bxd6 22. exd6 Nf6 23. Rac1 Ne4 24. Rhe1 Qd7 25. Re2 f5 26. Rec2 h6 27. c6 bxc6 28. Rxc6 Nxd6 29. Rc7 Qe8 30. R1c6 Nb5 31. Nxb5 axb5 32. Qc3 e5 33. Rc5 d4 34. Qb3+ Kh8 35. Rxe5 Qh5 36. Ree7 Rac8 37. Rxg7 Qe2+ 38. Kh3 Rxc7 39. Rxc7 Qf1+ 40. Kh4 Rg8 41. Rh7+ Kxh7 42. Qf7+ Rg7 43. Qxf5+ Kh8 44. Qf8+ Kh7 45. Qf5+ Kh8 46. h3 1/2-1/2

[Event "Dublin City Masters"]
[Site "Dublin"]
[Date "2013.09.14"]
[Round "2"]
[White "Kalinins, Valentine"]
[Black "Collins, Sam E"]
[Result "1/2-1/2"]
[WhiteElo "2196"]
[BlackElo "2475"]
[PlyCount "125"]
[EventDate "2013.09.13"]
[EventType "swiss"]
[EventRounds "5"]
[EventCountry "IRL"]
[SourceTitle "EXT 2015"]
[Source "ChessBase"]
[SourceDate "2014.11.20"]
[SourceVersion "1"]
[SourceVersionDate "2014.11.20"]
[SourceQuality "1"]

1. e4 e5 2. Nf3 Nc6 3. Bc4 Bc5 4. b4 d5 5. exd5 Nxb4 6. c3 Nxd5 7. Nxe5 Ngf6 8. d4 Be7 9. 0-0 0-0 10. Re1 c6 11. Qc2 Be6 12. Nd2 Rc8 13. Nb3 Rc7 14. Bg5 Qc8 15. Rad1 Bf5 16. Bd3 Bxd3 17. Qxd3 Ng4 18. Nf3 Bxg5 19. Nxg5 Ngf6 20. h3 Re8 21. Nf3 Rce7 22. Re5 Nf4 23. Qd2 Ng6 24. Rxe7 Rxe7 25. Nc5 Ne4 26. Nxe4 Rxe4 27. c4 Nf4 28. Re1 Qf5 29. Rxe4 Qxe4 30. Qa5 h6 31. Qxa7 Kh7 32. Qxb7 Qg6 33. Nh4 Qg5 34. g3 Nxh3+ 35. Kg2 Nf4+ 36. Kh2 Qg4 37. Qb1+ g6 38. Qe4 Qh3+ 39. Kg1 Ne6 40. a4 Ng5 41. Qxc6 Qg4 42. Qd5 Kg7 43. Qe5+ Kg8 44. a5 Qd1+ 45. Kg2 Qa4 46. Qb5 Qc2 47. Qe8+ Kg7 48. a6 Ne4 49. Qe5+ Kg8 50. Qf4 g5 51. Qf3 gxh4 52. a7 h3+ 53. Kh2 Nxf2 54. a8Q+ Kg7 55. Qa1 h5 56. d5+ Kg8 57. Qxh5 Ng4+ 58. Kxh3 Qh2+ 59. Kxg4 f5+ 60. Qxf5 Qxg3+ 61. Kh5 Qh4+ 62. Kg6 Qh6+ 63. Kxh6 1/2-1/2

[Event "Dublin Gonzaga Masters"]
[Site "Dublin"]
[Date "2013.02.03"]
[Round "4"]
[White "Kalinins, Valentine"]
[Black "Murray, David"]
[Result "1-0"]
[WhiteElo "2028"]
[BlackElo "2146"]
[PlyCount "54"]
[EventDate "2013.02.01"]
[EventType "swiss"]
[EventRounds "5"]
[EventCountry "IRL"]
[SourceTitle "EXT 2015"]
[Source "ChessBase"]
[SourceDate "2014.11.20"]
[SourceVersion "1"]
[SourceVersionDate "2014.11.20"]
[SourceQuality "1"]

1. e4 d5 2. exd5 Qxd5 3. Nc3 Qd6 4. d4 Nf6 5. g3 Nc6 6. Nge2 Bg4 7. Bg2 0-0-0 8. Be3 e5 9. dxe5 Qxe5 10. Qc1 h5 11. h4 Bxe2 12. Nxe2 Nd5 13. Bf4 Qe6 14. Kf1 Bc5 15. Bf3 f6 16. Kg2 Ne5 17. Bxe5 fxe5 18. Qg5 g6 19. Be4 Rdg8 20. Rad1 Nf6 21. Nc3 Kb8 22. Rhe1 Bb4 23. Rd3 c5 24. Bf3 Qf5 25. Ne4 Nxe4 26. Rxe4 c4 27. Qe7 Qf8 1-0